Normal view
MARC view
- Knappe, Detlef R. U.
Entry Personal Name
001 - CONTROL NUMBER
- control field: 6329
003 - CONTROL NUMBER IDENTIFIER
- control field: NUST
005 - DATE AND TIME OF LATEST TRANSACTION
- control field: 20171113134240.0
008 - FIXED-LENGTH DATA ELEMENTS
- fixed length control field: 171113|| aca||aabn | a|a d
040 ## - CATALOGING SOURCE
- Original cataloging agency: NUST
- Transcribing agency: NUST
100 ## - HEADING--PERSONAL NAME
- Personal name: Knappe, Detlef R. U.
670 ## - SOURCE DATA FOUND
- Source citation: Work cat.: (NUST)0: Algae detection and removal strategies for drinking water treatment plants /, c2004.
